000 00602nam a2200229Ia 4500
003 OSt
005 20221006151715.0
006 a|||||r|||| 00| 0
007 ta
008 221006b |||||||| |||| 00| 0 eng d
020 _cY2000
024 _a23,071
037 _bGift, Japan Foundation
_cTextual
040 _aEASL
_cEASL
_beng
041 _2eng
_aeng
100 _aOGAWA Kenji
_9659837
245 0 _aNew intensive Japanese
260 _aTokyo
_bHokuseido Press
_c1970
300 _a343p.
_ccm.
942 _cTEXL
_2CC
999 _c1091157
_d1091157